<?xml version="1.0" encoding="UTF-8"?>
<record
    xmlns:xsi="http://www.w3.org/2001/XMLSchema-instance"
    xsi:schemaLocation="http://www.loc.gov/MARC21/slim http://www.loc.gov/standards/marcxml/schema/MARC21slim.xsd"
    xmlns="http://www.loc.gov/MARC21/slim">

  <leader>02900    a2200277   4500</leader>
  <controlfield tag="003">NALT</controlfield>
  <controlfield tag="005">20251121093108.0</controlfield>
  <controlfield tag="008">250612b        th ||||| |||| 00| 0 tha d</controlfield>
  <datafield tag="020" ind1=" " ind2=" ">
    <subfield code="a">9786162628306</subfield>
  </datafield>
  <datafield tag="040" ind1=" " ind2=" ">
    <subfield code="a">NALT</subfield>
  </datafield>
  <datafield tag="050" ind1=" " ind2=" ">
    <subfield code="a">QA 76.9.D3   </subfield>
    <subfield code="b">&#xE2A;349 2568</subfield>
  </datafield>
  <datafield tag="245" ind1="1" ind2="0">
    <subfield code="a">&#xE2A;&#xE23;&#xE49;&#xE32;&#xE07; &#xE1A;&#xE23;&#xE34;&#xE2B;&#xE32;&#xE23; &#xE41;&#xE25;&#xE30;&#xE08;&#xE31;&#xE14;&#xE01;&#xE32;&#xE23;&#xE02;&#xE49;&#xE2D;&#xE21;&#xE39;&#xE25;&#xE14;&#xE49;&#xE27;&#xE22; Access /</subfield>
    <subfield code="c">&#xE01;&#xE2D;&#xE07;&#xE1A;&#xE23;&#xE23;&#xE13;&#xE32;&#xE18;&#xE34;&#xE01;&#xE32;&#xE23; &#xE1B;&#xE34;&#xE22;&#xE30; &#xE19;&#xE32;&#xE01;&#xE2A;&#xE07;&#xE04;&#xE4C; ... [&#xE41;&#xE25;&#xE30;&#xE04;&#xE19;&#xE2D;&#xE37;&#xE48;&#xE19;&#xE46;].</subfield>
  </datafield>
  <datafield tag="250" ind1=" " ind2=" ">
    <subfield code="a">&#xE1E;&#xE34;&#xE21;&#xE1E;&#xE4C;&#xE04;&#xE23;&#xE31;&#xE49;&#xE07;&#xE17;&#xE35;&#xE48; 1.</subfield>
  </datafield>
  <datafield tag="260" ind1=" " ind2=" ">
    <subfield code="a">&#xE01;&#xE23;&#xE38;&#xE07;&#xE40;&#xE17;&#xE1E;&#xE2F; :</subfield>
    <subfield code="b">&#xE23;&#xE35;&#xE44;&#xE27;&#xE27;&#xE48;&#xE32;,</subfield>
    <subfield code="c">2568.</subfield>
  </datafield>
  <datafield tag="300" ind1=" " ind2=" ">
    <subfield code="a">373 &#xE2B;&#xE19;&#xE49;&#xE32; :</subfield>
    <subfield code="b">&#xE20;&#xE32;&#xE1E;&#xE1B;&#xE23;&#xE30;&#xE01;&#xE2D;&#xE1A; ;</subfield>
    <subfield code="c">21 &#xE0B;&#xE21;.</subfield>
  </datafield>
  <datafield tag="505" ind1="2" ind2=" ">
    <subfield code="a">Intro &#xE41;&#xE19;&#xE30;&#xE19;&#xE33; Office 2019 &#xE41;&#xE25;&#xE30; Microsoft 365 --
Chapter 1 &#xE23;&#xE39;&#xE49;&#xE08;&#xE31;&#xE01;&#xE01;&#xE31;&#xE1A; Access 2019 --
Chapter 2 &#xE01;&#xE32;&#xE23;&#xE2D;&#xE2D;&#xE01;&#xE41;&#xE1A;&#xE1A;&#xE23;&#xE30;&#xE1A;&#xE1A;&#xE10;&#xE32;&#xE19;&#xE02;&#xE49;&#xE2D;&#xE21;&#xE39;&#xE25; --
Chapter 3 &#xE40;&#xE23;&#xE34;&#xE48;&#xE21;&#xE15;&#xE49;&#xE19;&#xE2A;&#xE23;&#xE49;&#xE32;&#xE07;&#xE10;&#xE32;&#xE19;&#xE02;&#xE49;&#xE2D;&#xE21;&#xE39;&#xE25; &#xE41;&#xE25;&#xE30;&#xE15;&#xE32;&#xE23;&#xE32;&#xE07; --
Chapter 4 &#xE01;&#xE32;&#xE23;&#xE40;&#xE1E;&#xE34;&#xE48;&#xE21;&#xE04;&#xE27;&#xE32;&#xE21;&#xE2A;&#xE32;&#xE21;&#xE32;&#xE23;&#xE16;&#xE43;&#xE2B;&#xE49;&#xE01;&#xE31;&#xE1A;&#xE15;&#xE32;&#xE23;&#xE32;&#xE07; --
Chapter 5 &#xE01;&#xE32;&#xE23;&#xE17;&#xE33;&#xE07;&#xE32;&#xE19;&#xE01;&#xE31;&#xE1A;&#xE02;&#xE49;&#xE2D;&#xE21;&#xE39;&#xE25;&#xE43;&#xE19; Table Datasheet --
Chapter 6 &#xE01;&#xE32;&#xE23;&#xE2A;&#xE2D;&#xE19;&#xE16;&#xE32;&#xE21;&#xE02;&#xE49;&#xE2D;&#xE21;&#xE39;&#xE25;&#xE14;&#xE49;&#xE27;&#xE22; Query wizard --
Chapter 7 &#xE01;&#xE32;&#xE23;&#xE2A;&#xE2D;&#xE1A;&#xE16;&#xE32;&#xE21;&#xE02;&#xE49;&#xE2D;&#xE21;&#xE39;&#xE25;&#xE14;&#xE49;&#xE27;&#xE22; Query design --
Chapter 8 &#xE01;&#xE32;&#xE23;&#xE2A;&#xE23;&#xE49;&#xE32;&#xE07;&#xE1F;&#xE2D;&#xE23;&#xE4C;&#xE21;&#xE14;&#xE49;&#xE27;&#xE22; Form wizard --
Chapter 9 &#xE01;&#xE32;&#xE23;&#xE2A;&#xE23;&#xE49;&#xE32;&#xE07;&#xE1F;&#xE2D;&#xE23;&#xE4C;&#xE21;&#xE14;&#xE49;&#xE27;&#xE22; Form design --
Chapter 10 &#xE01;&#xE32;&#xE23;&#xE2A;&#xE23;&#xE49;&#xE32;&#xE07;&#xE23;&#xE32;&#xE22;&#xE07;&#xE32;&#xE19; --
Chapter 11 &#xE01;&#xE32;&#xE23;&#xE2A;&#xE23;&#xE49;&#xE32;&#xE07;&#xE23;&#xE32;&#xE22;&#xE07;&#xE32;&#xE19;&#xE14;&#xE49;&#xE27;&#xE22; Report design --
Chapter 12 &#xE41;&#xE21;&#xE42;&#xE04;&#xE23; VBA &#xE41;&#xE25;&#xE30;&#xE21;&#xE2D;&#xE14;&#xE39;&#xE25; --
Chapter 13 Access &#xE01;&#xE31;&#xE1A;&#xE2D;&#xE34;&#xE19;&#xE40;&#xE17;&#xE2D;&#xE23;&#xE4C;&#xE40;&#xE19;&#xE47;&#xE15; --
Chapter 14 &#xE01;&#xE32;&#xE23;&#xE43;&#xE0A;&#xE49;&#xE40;&#xE04;&#xE23;&#xE37;&#xE48;&#xE2D;&#xE07;&#xE21;&#xE37;&#xE2D;&#xE08;&#xE31;&#xE14;&#xE01;&#xE32;&#xE23;&#xE44;&#xE1F;&#xE25;&#xE4C;&#xE10;&#xE32;&#xE19;&#xE02;&#xE49;&#xE2D;&#xE21;&#xE39;&#xE25; --
Chapter 15 &#xE01;&#xE32;&#xE23;&#xE40;&#xE1E;&#xE34;&#xE48;&#xE21;&#xE1B;&#xE23;&#xE30;&#xE2A;&#xE34;&#xE17;&#xE18;&#xE34;&#xE20;&#xE32;&#xE1E;&#xE43;&#xE2B;&#xE49;&#xE01;&#xE31;&#xE1A;&#xE10;&#xE32;&#xE19;&#xE02;&#xE49;&#xE2D;&#xE21;&#xE39;&#xE25;&#xE14;&#xE49;&#xE27;&#xE22;&#xE40;&#xE04;&#xE23;&#xE37;&#xE48;&#xE2D;&#xE07;&#xE21;&#xE37;&#xE2D;&#xE43;&#xE19;&#xE41;&#xE17;&#xE47;&#xE1A; Database tools --
Chapter 16 &#xE01;&#xE32;&#xE23;&#xE19;&#xE33;&#xE40;&#xE02;&#xE49;&#xE32;&#xE41;&#xE25;&#xE30;&#xE2A;&#xE48;&#xE07;&#xE2D;&#xE2D;&#xE01;&#xE02;&#xE49;&#xE2D;&#xE21;&#xE39;&#xE25;&#xE43;&#xE19; Access --
Chapter 17 &#xE10;&#xE32;&#xE19;&#xE02;&#xE49;&#xE2D;&#xE21;&#xE39;&#xE25;&#xE15;&#xE31;&#xE27;&#xE2D;&#xE22;&#xE48;&#xE32;&#xE07; Northwind traders --
Chapter 18 &#xE41;&#xE19;&#xE30;&#xE19;&#xE33; Microsoft access 2021.</subfield>
  </datafield>
  <datafield tag="650" ind1=" " ind2="4">
    <subfield code="a">&#xE44;&#xE21;&#xE42;&#xE04;&#xE23;&#xE0B;&#xE2D;&#xE1F;&#xE15;&#xE4C;&#xE41;&#xE2D;&#xE47;&#xE01;&#xE40;&#xE0B;&#xE2A; (&#xE42;&#xE1B;&#xE23;&#xE41;&#xE01;&#xE23;&#xE21;&#xE04;&#xE2D;&#xE21;&#xE1E;&#xE34;&#xE27;&#xE40;&#xE15;&#xE2D;&#xE23;&#xE4C;)</subfield>
    <subfield code="9">59789</subfield>
  </datafield>
  <datafield tag="650" ind1=" " ind2="0">
    <subfield code="a">&#xE01;&#xE32;&#xE23;&#xE08;&#xE31;&#xE14;&#xE01;&#xE32;&#xE23;&#xE10;&#xE32;&#xE19;&#xE02;&#xE49;&#xE2D;&#xE21;&#xE39;&#xE25;</subfield>
    <subfield code="9">30638</subfield>
  </datafield>
  <datafield tag="700" ind1="0" ind2=" ">
    <subfield code="a">&#xE1B;&#xE34;&#xE22;&#xE30; &#xE19;&#xE32;&#xE01;&#xE2A;&#xE07;&#xE04;&#xE4C;.</subfield>
    <subfield code="9">36692</subfield>
  </datafield>
  <datafield tag="710" ind1="2" ind2=" ">
    <subfield code="a">&#xE01;&#xE2D;&#xE07;&#xE1A;&#xE23;&#xE23;&#xE13;&#xE32;&#xE18;&#xE34;&#xE01;&#xE32;&#xE23;.</subfield>
    <subfield code="9">7346</subfield>
  </datafield>
  <datafield tag="942" ind1=" " ind2=" ">
    <subfield code="c">GB</subfield>
    <subfield code="2">lcc</subfield>
  </datafield>
  <datafield tag="996" ind1=" " ind2=" ">
    <subfield code="a">jidapa.t</subfield>
    <subfield code="b">ACQSTF</subfield>
    <subfield code="c">2025-06-12</subfield>
  </datafield>
  <datafield tag="996" ind1=" " ind2=" ">
    <subfield code="a">varee.k</subfield>
    <subfield code="b">LIBSTF</subfield>
    <subfield code="c">2025-06-26</subfield>
  </datafield>
  <datafield tag="996" ind1=" " ind2=" ">
    <subfield code="a">jamriang.p</subfield>
    <subfield code="b">CATSTF	</subfield>
    <subfield code="c">2025-07-21</subfield>
  </datafield>
  <datafield tag="999" ind1=" " ind2=" ">
    <subfield code="c">106845</subfield>
    <subfield code="d">106845</subfield>
  </datafield>
  <datafield tag="998" ind1=" " ind2=" ">
    <subfield code="j">1020</subfield>
    <subfield code="k"> &#xE19;&#xE32;&#xE07;&#xE08;&#xE33;&#xE40;&#xE23;&#xE35;&#xE22;&#xE07;  &#xE23;&#xE30;&#xE27;&#xE31;&#xE07;&#xE2A;&#xE33;&#xE42;&#xE23;&#xE07;</subfield>
  </datafield>
  <datafield tag="952" ind1=" " ind2=" ">
    <subfield code="0">0</subfield>
    <subfield code="1">0</subfield>
    <subfield code="2">lcc</subfield>
    <subfield code="4">0</subfield>
    <subfield code="7">0</subfield>
    <subfield code="8">CGBL</subfield>
    <subfield code="a">NALT</subfield>
    <subfield code="b">NALT</subfield>
    <subfield code="c">GEN</subfield>
    <subfield code="d">2025-06-05</subfield>
    <subfield code="e">192</subfield>
    <subfield code="l">1</subfield>
    <subfield code="o">QA 76.9.D3 &#xE2A;349 2568</subfield>
    <subfield code="p">3961215381</subfield>
    <subfield code="r">2025-08-15 00:00:00</subfield>
    <subfield code="s">2025-08-08</subfield>
    <subfield code="w">2025-06-05</subfield>
    <subfield code="y">GB</subfield>
  </datafield>
</record>
